Exercer le métier d'assistant(e) maternel(le) à la crèche familiale préventive « Enfant Présent » (notice n° 1676059)

détails MARC
000 -LEADER
fixed length control field 01869cam a2200301 4500500
005 - DATE AND TIME OF LATEST TRANSACTION
control field 20260301003453.0
041 ## - LANGUAGE CODE
Language code of text/sound track or separate title fre
042 ## - AUTHENTICATION CODE
Authentication code dc
100 10 - MAIN ENTRY--PERSONAL NAME
Personal name Jésu, Frédéric
Relator term author
245 00 - TITLE STATEMENT
Title Exercer le métier d'assistant(e) maternel(le) à la crèche familiale préventive « Enfant Présent »
260 ## - PUBLICATION, DISTRIBUTION, ETC.
Date of publication, distribution, etc. 2005.<br/>
500 ## - GENERAL NOTE
General note 17
520 ## - SUMMARY, ETC.
Summary, etc. Exercer le métier d’assistant(e) maternel(le) dans le cadre spécifique d’une crèche familiale préventive à gestion associative requiert, outre des compétences « techniques » avérées, une disponibilité et un « savoir-être » bien particuliers, sur lesquels repose une large part de la qualité du service personnalisé rendu aux familles qui s’y adressent. L’ensemble de ces aptitudes se manifeste aux niveaux certes de l’accueil des enfants, mais aussi des relations intenses et complexes établies avec les parents et de l’organisation, nécessairement très minutieuse, du travail en équipe. Il importe aujourd’hui de consolider et de diffuser les expériences acquises dans ce contexte par les assistant(e)s maternel(le)s de façon à en enrichir les pratiques déployées dans le champ de l’action socio-éducative et des politiques familiales.
690 ## - LOCAL SUBJECT ADDED ENTRY--TOPICAL TERM (OCLC, RLIN)
Topical term or geographic name as entry element Assistant(e) maternel(le)
690 ## - LOCAL SUBJECT ADDED ENTRY--TOPICAL TERM (OCLC, RLIN)
Topical term or geographic name as entry element crèche familiale
690 ## - LOCAL SUBJECT ADDED ENTRY--TOPICAL TERM (OCLC, RLIN)
Topical term or geographic name as entry element éducative
690 ## - LOCAL SUBJECT ADDED ENTRY--TOPICAL TERM (OCLC, RLIN)
Topical term or geographic name as entry element prévention socio
690 ## - LOCAL SUBJECT ADDED ENTRY--TOPICAL TERM (OCLC, RLIN)
Topical term or geographic name as entry element soutien à la parentalité
700 10 - ADDED ENTRY--PERSONAL NAME
Personal name Aouane, Patricia
Relator term author
700 10 - ADDED ENTRY--PERSONAL NAME
Personal name Bernier, Catherine
Relator term author
700 10 - ADDED ENTRY--PERSONAL NAME
Personal name Chiha, Rachid
Relator term author
700 10 - ADDED ENTRY--PERSONAL NAME
Personal name Corel, Yolande
Relator term author
700 10 - ADDED ENTRY--PERSONAL NAME
Personal name Lambert, Roland
Relator term author
700 10 - ADDED ENTRY--PERSONAL NAME
Personal name Raoul, Rachida
Relator term author
700 10 - ADDED ENTRY--PERSONAL NAME
Personal name Tesson, Martine
Relator term author
786 0# - DATA SOURCE ENTRY
Note Dialogue | 167 | 1 | 2005-03-01 | p. 77-88 | 0242-8962
856 41 - ELECTRONIC LOCATION AND ACCESS
Uniform Resource Identifier <a href="https://shs.cairn.info/revue-dialogue-2005-1-page-77?lang=fr&redirect-ssocas=7080">https://shs.cairn.info/revue-dialogue-2005-1-page-77?lang=fr&redirect-ssocas=7080</a>

Pas d'exemplaire disponible.

PLUDOC

PLUDOC est la plateforme unique et centralisée de gestion des bibliothèques physiques et numériques de Guinée administré par le CEDUST. Elle est la plus grande base de données de ressources documentaires pour les Étudiants, Enseignants chercheurs et Chercheurs de Guinée.

Adresse

627 919 101/664 919 101

25 boulevard du commerce
Kaloum, Conakry, Guinée

Réseaux sociaux

Powered by Netsen Group @ 2025